000 00546nam a22002057a 4500
005 20180425122015.0
008 180425b xxu||||| |||| 00| 0 eng d
020 _a9789351502753
_cRs.495.00
040 _aLoreto College
041 _aEnglish
082 _a338.5
_bTAN
100 _aTandon,Pankaj
245 _aA textbook of microeconomic theory
_cPankaj Tandon
260 _aNew Delhi
_bSage Publications India
_c2015
300 _axv,22cm
_b22cm
504 _aIncludes index
650 _aMicroeconomics
850 _aLCLIB
942 _cBK
999 _c41513
_d91992